000 00656nam a2200217Ia 4500
003 GCL
008 140319s9999 xx 000 0 ara d
020 _a5142201977
040 _aGCL /
_cGCL
082 0 4 _a814
_bن ح
100 1 _aناهد حمزة
245 1 0 _aحفيدات قاسم امين /
_cناهد حمزة
250 _aالاولى
260 _aالقاهرة :
_bمؤسسة روزاليوسف ،
_c2006
300 _a200 ص ؛
_c19 سم
650 0 4 _aحقوق الانسان
650 0 4 _aالبنات
650 0 4 _aالمرأة - عادات وتقاليد
650 0 4 _aالمرأة - احوال اجتماعية
942 _2ddc
_cBK
999 _c8902
_d8902